Central Library, Doon University
WEBOPAC (ONLINE PUBLIC ACCESS CATALOGUE)

Earth System (Record no. 60783)

MARC details
000 -LEADER
fixed length control field 00531nam a22002177a 4500
005 - DATE & TIME
control field 20260513125947.0
008 - FIXED-LENGTH DATA ELEMENTS--GENERAL INFORMATION
fixed length control field 260513b |||||||| |||| 00| 0 eng d
020 ## - ISBN
International Standard Book Number 9789332575738
Price 1100.00
040 ## - CATALOGING SOURCE
Original cataloging agency Doon University
041 ## - Language
Language English
082 ## - DDC NUMBER
Classification number 550
Book Number KUM
100 ## - MAIN ENTRY--PERSONAL NAME
Personal name Kump, Lee R.
245 ## - TITLE STATEMENT
Title Earth System
250 ## - EDITION STATEMENT
Edition statement 3rd
260 ## - PUBLICATION, DISTRIBUTION, ETC. (IMPRINT)
Place of publication, distribution, etc Noida
Name of publisher, distributor, etc Pearson
Date of publication, distribution, etc 2016
300 ## - PHYSICAL DESCRIPTION
Pages 462
650 ## - Subject
Subject Geology (PM USHA)
700 ## - Added Entry Personal Name
Added Entry Personal Name Kasting, James F.
700 ## - Added Entry Personal Name
Added Entry Personal Name Crane, Robert G.
942 ## - ADDED ENTRY ELEMENTS (KOHA)
Koha item type Books
100 ## - MAIN ENTRY--PERSONAL NAME
-- 26340
650 ## - Subject
-- 26712
700 ## - Added Entry Personal Name
-- 26341
700 ## - Added Entry Personal Name
-- 26342
952 ## - LOCATION AND ITEM INFORMATION (KOHA)
-- 2026-05-13
952 ## - LOCATION AND ITEM INFORMATION (KOHA)
-- 2026-05-13
952 ## - LOCATION AND ITEM INFORMATION (KOHA)
-- 2026-05-13
Holdings
Withdrawn status Lost status Source of classification or shelving scheme Damaged status Not for loan Location (home branch) Sublocation or collection (holding branch) Date acquired Koha full call number Accession No. Koha date last seen Koha item type Koha issues (times borrowed)
        Not For Loan Doon University Doon University 13.05.2026 550 KUM 33015 13.05.2026 Reference  
          Doon University Doon University 13.05.2026 550 KUM 33016 13.05.2026 Books  
          Doon University Doon University 13.05.2026 550 KUM 33017 13.05.2026 Books  
Contact : +91-135-2533126 (Library),+91-135-2533105 (Admin Office) , Email : doonlibrary@gmail.com

Powered by Koha